000 01156nam0a22002651 4500
001 rc\111491
005 20260407075257.0
035 _a(NLR Aleph) 005371773
090 _a7007770
_c7007770
100 _a20021216d1991 |||y0rusy50 ca
101 0 _arus
102 _aRU
105 _ay |||||||||
200 1 _aСтатистическая обработка результатов эксперимента на ЭВМ применительно к биологическим исследованиям
_fРязан. гос. пед. ин-т им. С.А. Есенина
_g[Сост. Е.К. Еськов, А.С. Шилин]
210 _aРязань
_cРГПИ
_d1991
215 _a58 с.
_d20
320 _aБиблиогр.: с. 57 (8 назв.)
702 1 _4220
_7ca
_8rus
_aЕськов
_bЕ. К.
_f1938-
_gЕвгений Константинович
_9249707
_3RU\NLR\AUTH\770249763
712 0 2 _aРязанский педагогический институт им. С. А. Есенина
_9279765
_3RU\NLR\AUTH\884184
801 0 _aRU
_bNLR
_gpsbo
801 1 _aRU
_bELAR
_2rusmarc
852 _aNLR
_j92-4/259
942 _cBOOK
980 _aNB